| 000 | 00351 a2200157 4500 | ||
|---|---|---|---|
| 001 | 64124 | ||
| 020 | _a9788538054481 | ||
| 040 | _cAnchieta - Pituba | ||
| 100 | _aO'Malley, Donough | ||
| 240 | 1 | 0 |
_aO mundo mutante de Norm _lpor |
| 245 | 1 | 0 | _aO mundo mutante de Norm |
| 300 | _a275 | ||
| 362 | 0 | _a2013 | |
| 650 | 4 | _aLiteratura juvenil | |
| 942 | _cBK | ||
| 999 |
_c64124 _d64124 |
||